GHALIB EPISTEMOLOGIES OF ELEGANCE (Record no. 13635)
[ view plain ]
| 000 -LEADER | |
|---|---|
| fixed length control field | 00342nam a2200133Ia 4500 |
| 008 - FIXED-LENGTH DATA ELEMENTS--GENERAL INFORMATION | |
| fixed length control field | 240624s9999 xx 000 0 und d |
| 041 ## - LANGUAGE CODE | |
| Language code of text/sound track or separate title | eng |
| 082 ## - DEWEY DECIMAL CLASSIFICATION NUMBER | |
| Classification number | 828 RAZ |
| 100 ## - MAIN ENTRY--PERSONAL NAME | |
| Personal name | RAZA AZRA |
| 245 ## - TITLE STATEMENT | |
| Title | GHALIB EPISTEMOLOGIES OF ELEGANCE |
| 260 ## - PUBLICATION, DISTRIBUTION, ETC. | |
| Date of publication, distribution, etc. | 2009 |
| Place of publication, distribution, etc. | New Delhi |
| Name of publisher, distributor, etc. | Penguin/Viking |
| 300 ## - PHYSICAL DESCRIPTION | |
| Extent | xvi, : 183 : p. : cm. ; 20 |
| 365 ## - TRADE PRICE | |
| Currency code | RS |
| Price amount | 20 |
| Withdrawn status | Lost status | Damaged status | Not for loan | Home library | Current library | Shelving location | Date acquired | Source of acquisition | Cost, normal purchase price | Total Checkouts | Total Holds | Full call number | Barcode | Date due | Date last seen | Date last checked out | Copy number | Price effective from | Koha item type |
|---|---|---|---|---|---|---|---|---|---|---|---|---|---|---|---|---|---|---|---|
| IMTN | IMTN | Rack 43-A | 08/10/2009 | WBD | 325.00 | 4 | 351 | 828 RAZ | 13635 | 01/17/2026 | 01/07/2026 | 01/07/2026 | 1 | 06/24/2024 | Books |